Nationalparks in der Vereinigten Staaten - Statistiken

Allgemein
  • Dieses Quiz wurde 39 mal gespielt
  • Das Durchschnittsergebnis liegt bei 17 aus 63
Antworten auf der Karte
Die Antworten werden auf der Karte rot bzw. grün angezeigt, abhängig davon wie oft sie richtig erraten wurden.
 
Antwortstatistiken
State Park % Korrekt
Idaho / Montana / Wyoming Yellowstone
88%
Arizona Grand Canyon
77%
Kalifornien Yosemite
73%
Florida Everglades
69%
Kalifornien / Nevada Death Valley
54%
Kalifornien Joshua Tree
46%
Kalifornien Redwood
46%
Utah Bryce Canyon
42%
Utah Zion
42%
South Dakota Badlands
38%
Alaska Denali
38%
Montana Glacier
38%
Wyoming Grand Teton
38%
North Carolina / Tennessee Great Smoky Mountains
38%
Washington Olympic
38%
Kalifornien Sequoia
38%
Utah Arches
35%
Maine Acadia
31%
Oregon Crater Lake
31%
Colorado Mesa Verde
31%
Washington Mount Rainier
31%
Texas Big Bend
27%
Utah Canyonlands
27%
Kentucky Mammoth Cave
27%
Colorado Rocky Mountain
27%
New Mexico Carlsbad Caverns
23%
Kalifornien Channel Islands
23%
Florida Dry Tortugas
23%
Arizona Petrified Forest
23%
Arizona Saguaro
23%
Virginia Shenandoah
23%
New Mexico White Sands
23%
Colorado Black Canyon of the Gunnison
19%
Utah Capitol Reef
19%
Colorado Great Sand Dunes
19%
Arkansas Hot Springs
19%
Kalifornien Kings Canyon
19%
Washington North Cascades
19%
Alaska Wrangell-St. Elias
19%
Florida Biscayne
15%
South Carolina Congaree
15%
Missouri Gateway Arch
15%
Alaska Glacier Bay
15%
Nevada Great Basin
15%
Hawaii Haleakala
15%
Hawaii Hawaii Volcanoes
15%
Michigan Isle Royale
15%
Alaska Katmai
15%
Alaska Kenai Fjords
15%
Alaska Lake Clark
15%
Kalifornien Lassen Volcanic
15%
West Virginia New River Gorge
15%
North Dakota Theodore Roosevelt
15%
n/a Virgin Islands
15%
Ohio Cuyahoga Valley
12%
Alaska Gates of the Arctic
12%
Texas Guadalupe Mountains
12%
Indiana Indiana Dunes
12%
Alaska Kobuk Valley
12%
Minnesota Voyageurs
12%
South Dakota Wind Cave
12%
n/a Amerikanisch-Samoa
8%
Kalifornien Pinnacles
8%
Keine übereinstimmenden Quizze gefunden
Verteilung der Resultate
Anzahl Personen mit jedem Resultat
Perzentil nach korrekt beantworteten Fragen
Ihre Resultats-Entwicklung
Sie haben dieses Quiz noch nicht gespielt